000 00298nam a22001097a 4500
082 _a621.31042 ,DUR'I
100 _aDURRANI, K. E
_980526
245 _aAN INTRODUCTION TO ELECTRICAL MACHINES ANALYSIS ,BASIC MATHEMATICAL MODELS
260 _aLAHORE
_bNATIONAL
_c1979
300 _aVOL-1
942 _cBK
999 _c585450
_d585450